|
|
|
|
| LEADER |
00786nta a2200181 i 4500 |
| 001 |
dipl51015 |
| 005 |
20211126134030.0 |
| 008 |
150411s2013 hu om 0|| zxx d |
| 040 |
|
|
|a SZTE Diploma Repozitórium
|b hun
|
| 041 |
|
|
|a zxx
|
| 100 |
1 |
|
|a Márta Dániel
|
| 245 |
1 |
0 |
|a Játékfejlesztés Android platformra - Mouse On The Run
|h [elektronikus dokumentum] /
|c Dániel Márta
|
| 246 |
1 |
0 |
|a Game Development on Android - Mouse On The Run
|h [elektronikus dokumentum]
|
| 260 |
|
|
|c 2013
|
| 650 |
|
4 |
|a Természettudományok
|
| 700 |
1 |
|
|a Havasi Ferenc
|e ths
|
| 856 |
4 |
0 |
|u http://diploma.bibl.u-szeged.hu/id/eprint/51015/1/2012_M%C3%A1rta_D%C3%A1niel_MADJAAT_SZE_SZ.pdf
|z Dokumentum-elérés
|
| 856 |
4 |
0 |
|u http://diploma.bibl.u-szeged.hu/id/eprint/51015/7/2013_marta_daniel_melleklet.tgz
|z Dokumentum-elérés
|